000 00301nam a2200145Ia 4500
100 _aMurray/W.H
942 _cBK
654 _aComputer
245 _aVisual J++ Handbook
260 _bAP Professional
_aNew Delhi
_c1997
082 _a5.133
_bPAP
300 _a574
546 _aENGLISH
999 _c24132
_d24132